Countries the United States Have Invaded - Statistics

General Stats
  • This quiz has been taken 266 times
    64 since last reset
  • The average score is 7 of 15
Answers on the Grid
Answers color-coded by a green-red scale on the quiz's grid according to % correct below.
Mongolia
Philippines
Cuba
Mexico
Morrocco
New Zealand
Venezuela
Italy
Panama
Nicaragua
Dominican Republic
France
UK
Canada
Haiti
Algeria
Grenada
Brazil
Maldives
Poland
Finland
South Africa
Nigeria
Thailand
Switzerland
Serbia
Albania
Croatia
Greece
Turkey
 
Answer Stats
Answer % Correct
Cuba
75%
Mexico
68%
Venezuela
68%
Panama
61%
Philippines
59%
Grenada
50%
Haiti
50%
Italy
45%
Dominican Republic
43%
Canada
41%
Nicaragua
36%
France
34%
Algeria
32%
Morrocco
27%
Serbia
20%
No matching quizzes found
Score Distribution
Percent of People with Each Score
Percentile by Number Answered
Your Score History
You have not taken this quiz since the last reset